=LDR 00000nam 2200000 4500 =001 001087 =005 20250713103958 =035 ##$$a 0010-0725000969 =007 ta =008 250713################a##########0#ind## =020 ##$$a 978-623-307-905-1 =082 ##$$a 398.209 598 =084 ##$$a 398.209 598 SIN s =100 #$$a Singh, Neha =245 1#$$a Semuanya Campur Aduk /$c Neha Singh =250 ##$$a cetakan pertama =260 ##$$a jakarta :$b badan pengembangan dan pembinaan bahasa,$c 2022 =300 ##$$a 20 hlm. : $b ilus. ; $c 22,9 cm$e 398.209 598 =650 #4$$a cerita anak indonesia =856 ##$$a TBM AS SUHADA =990 ##$$a TBM202400772